000
00316nam a22001337a 4500
003
SGT
082
_a
612.015
_b
R12S
100
_a
SURESH, PARIMI
245
_a
RASENDRA SARASANGRAH OF SRI GOPAL KRISHNA BHATT
260
_a
VARANSI
_b
CHAUKHAMBHA PUB
_c
2012
300
_a
1112
650
_a
AYURVEDA
942
_2
ddc
_c
BK
_0
1
999
_c
14384
_d
14384